La medicina moderna /

Antes de la Revolución Industrial, la medicina se había estancado en un estado de desarrollo similar al de la Edad Media. Proliferaban las enfermedades, y el promedio de vida apenas alcanzaba los 36 años. En este episodio relatamos la asombrosa historia de los pioneros de la razón y de la ciencia qu...

Descripción completa

Guardado en:
Autor Principal: Pink, Billie
Autor Corporativo: History Channel.
Formato: Deslizar
Publicado: Reino Unido, 2003.
Series:¿Qué hizo la Revolucion Industrial por nosotros? - Capítulo 4
Materias:
Etiquetas: Agregar Etiqueta
Sin Etiquetas, Sea el primero en etiquetar este registro!
LEADER 01890ngm a22003135g 4500
001 CEM.cems023593
008 130507s2003##################0###0#####d
005 20250610154503.0
245 1 0 |a La medicina moderna /  |c Billie Pink. 
260 |a Reino Unido,  |c 2003. 
300 |a 29'. 
490 0 |a ¿Qué hizo la Revolucion Industrial por nosotros? - Capítulo 4 
538 |a Soporte: DVD - Color: Si - Grabación DRD 
520 |a Antes de la Revolución Industrial, la medicina se había estancado en un estado de desarrollo similar al de la Edad Media. Proliferaban las enfermedades, y el promedio de vida apenas alcanzaba los 36 años. En este episodio relatamos la asombrosa historia de los pioneros de la razón y de la ciencia que desafiaron al viejo orden. James Lind dirigió el primer ensayo clínico, el cual confirmó que era posible prevenir el escorbuto y salvar las vidas de miles de marineros utilizando naranjas y limones. Edward Jenner, un médico preocupado por las hermosas lecheras, utilizó su capacidad de observación y el pensamiento lateral para encontrar una vacuna contra la viruela. El doctor Rene Laennec era terriblemente tímido. No soportaba la idea de tener que acercar la oreja a los pechos de sus pacientes femeninas. Por eso inventó el estetoscopio, un instrumento clave a la hora de diagnosticar que hoy se ha convertido en un icono de la profesión médica. 
500 |a Consultar en ventanilla. 
100 1 |a Pink, Billie 
710 2 |a History Channel. 
082 6 0 |/ PIN 
653 |a HISTORIA 
653 |a HISTORIA MODERNA 
653 |a HISTORIA UNIVERSAL 
653 |a REVOLUCION INDUSTRIAL 
653 |a MEDICINA 
653 |a SALUD 
653 |a INSTRUMENTOS MEDICOS 
653 |a DIAGNOSTICO MEDICO 
653 |a VACUNAS 
653 |a SERIE DE TELEVISIÓN 
859 |a CEMS  |b BIB. CEMS - Depto. Recursos Didacticos  |h 609  |i PIN  |k DRD  |p 2236.15  |t Ej.1